Consum : com som? : depèn de tu, depèn de tots! com som? :
Publicado:
Barcelona :
Diputació de Barcelona. Àrea de Salut Pública i Consum. Servei de Suport a les Polítiques de Consum ,
2010
Descripción Física:
31 p. : il. col. ; 21 cm
MARC
| LEADER | 00000nam a2200000Ia 4500 | ||
|---|---|---|---|
| 001 | 22687 | ||
| 008 | 160829s2010 xx 000 0 cat d | ||
| 080 | |a FU-56-47 | ||
| 245 | |a Consum : |b com som? : |b depèn de tu, depèn de tots! | ||
| 260 | |a Barcelona : |b Diputació de Barcelona. Àrea de Salut Pública i Consum. Servei de Suport a les Polítiques de Consum, |c 2010 | ||
| 300 | |a 31 p. : |b il. col. ; |c 21 cm | ||
| 590 | |a Exposició itinerant i interactiva sobre consum responsable | ||
| 650 | 0 | |a Consum responsable |x Exposicions |9 44959 | |
| 650 | |a Educació del consumidor |x Exposicions |9 44960 | ||
| 710 | 1 | |a Barcelona (Catalunya : Província). |b Servei de Suport a les Polítiques de Consum |9 52739 | |
| 901 | |a Arxiu | ||
| 942 | |n 1 | ||
| 952 | |0 0 |1 0 |4 0 |6 FU5647 |7 1 |9 52289 |a Arxiu |b Arxiu |d 2016-12-01 |l 0 |o FU-56-47 |p 22687 |r 2016-12-01 00:00:00 |w 2016-12-01 |y ARXIU | ||
| 999 | |c 56137 |d 56137 | ||